[Event "Southfield Tornado (September)"]
[Site "Southfield, Mich."]
[Date "1987.09.20"]
[Round "3"]
[White "Thompson, Dexter"]
[Black "Moody, David"]
[Result "1-0"]
[WhiteElo "2245"]
[BlackElo "2028"]
[PlyCount "119"]
[EventDate "1987.09.20"]

1. e4 e5 2. Nf3 Nf6 3. Bc4 Nc6 4. O-O Bc5 5. c3 Nxe4 6. d4 d5 7. Bb5 exd4 8.
Nxd4 O-O 9. Bxc6 Bxd4 10. Qxd4 bxc6 11. f3 Nd6 12. Bf4 Re8 13. Nd2 Ba6 14. Rfe1
Qf6 15. Be5 Qg6 16. Nb3 f6 17. Bg3 Nf5 18. Qf2 Nxg3 19. hxg3 Re5 20. Nc5 Bc8
21. f4 Rxe1+ 22. Rxe1 Bg4 23. Re7 Re8 24. f5 Qh5 25. Rxe8+ Qxe8 26. Qf4 Qe5 27.
Qxg4 Qe3+ 28. Kh1 Qxc5 29. Qe2 Kf7 30. Qe6+ Kf8 31. Qc8+ Kf7 32. Qxc7+ Kf8 33.
a4 Qe3 34. Qb8+ Kf7 35. Qb7+ Kf8 36. Qb4+ Qe7 37. Qb8+ Kf7 38. a5 Qe3 39. Qb7+
Kf8 40. Qb4+ Kf7 41. Qh4 Qh6 42. Qxh6 gxh6 43. b4 Ke7 44. Kg1 Kd6 45. Kf2 Ke5
46. Ke3 h5 47. a6 h4 48. gxh4 h5 49. Kd3 Kxf5 50. Kd4 Ke6 51. Kc5 Kd7 52. b5
cxb5 53. Kxd5 Kc7 54. Kc5 f5 55. Kxb5 f4 56. Kc5 Kd7 57. c4 Kc7 58. Kd5 Kd7 59.
Ke4 Kc6 60. Kxf4 1-0

[Event "Southfield Tornado (September)"]
[Site "Southfield, Mich."]
[Date "1987.09.20"]
[Round "2"]
[White "Moody, David"]
[Black "Haakonstad, Olaf"]
[Result "1-0"]
[WhiteElo "2028"]
[BlackElo "1808"]
[PlyCount "59"]
[EventDate "1987.09.20"]

1. e4 e5 2. f4 d5 3. exd5 e4 4. Nc3 Nf6 5. d3 exd3 6. Bxd3 Be7 7. Nf3 O-O 8.
O-O Bg4 9. Bc4 Nbd7 10. Be3 Re8 11. Qd3 Nc5 12. Bxc5 Bxc5+ 13. Kh1 Re3 14. Qd2
Qd7 15. Ne5 Qe7 16. Rae1 Rxe1 17. Rxe1 Nh5 18. Nxg4 Qh4 19. h3 Nxf4 20. Ne4
Nxh3 21. gxh3 Qxh3+ 22. Nh2 Bb6 23. d6 c6 24. Bxf7+ Kh8 25. Ng5 Qg3 26. Bd5 Rf8
27. Nf7+ Kg8 28. Qc3 Qxc3 29. bxc3 Rxf7 30. Re8# 1-0

[Event "Southfield Tornado (September)"]
[Site "Southfield, Mich."]
[Date "1987.09.20"]
[Round "5"]
[White "Moody, David"]
[Black "Golonka, Stan"]
[Result "0-1"]
[WhiteElo "2028"]
[BlackElo "1987"]
[PlyCount "62"]
[EventDate "1987.09.20"]

1. e4 c5 2. d4 cxd4 3. Nf3 Nc6 4. c3 Nf6 5. e5 Nd5 6. cxd4 e6 7. Nc3 Nxc3 8.
bxc3 d6 9. Bf4 Qa5 10. Qb3 dxe5 11. Bxe5 Bd7 12. Bc4 Qa3 13. O-O Qxb3 14. axb3
b5 15. Bd3 b4 16. cxb4 Nxb4 17. Be4 Nd5 18. Bxd5 exd5 19. Rfc1 Bb4 20. Bxg7 Rg8
21. Bf6 Rg6 22. Bh4 Bh3 23. Bg3 Be6 24. Ne5 Rg8 25. Rc7 a6 26. Rb7 Bc3 27. Rc1
Bxd4 28. Rcc7 Rxg3 29. Re7+ Kf8 30. Nxf7 Rd3 31. Kf1 Bc8 0-1

[Event "Southfield Tornado (September)"]
[Site "Southfield, Mich."]
[Date "1987.09.20"]
[Round "1"]
[White "Moody, David"]
[Black "Dmuchowski, Frank"]
[Result "1-0"]
[WhiteElo "2028"]
[BlackElo "1776"]
[PlyCount "109"]
[EventDate "1987.09.20"]

1. e4 c6 2. d3 d5 3. Nd2 dxe4 4. dxe4 Nf6 5. Ngf3 Bg4 6. g3 e6 7. Bg2 Nbd7 8.
O-O Ne5 9. Qe2 Be7 10. Rd1 O-O 11. Nc4 Nxf3+ 12. Bxf3 Bxf3 13. Qxf3 Qc8 14. Bf4
Rd8 15. Nd6 Bxd6 16. Bxd6 c5 17. Be7 Rxd1+ 18. Rxd1 Nd7 19. Qd3 Ne5 20. Qb5 Qc6
21. Qxc6 Nxc6 22. Bxc5 b6 23. Be3 Rd8 24. Rxd8+ Nxd8 25. Kf1 Kf8 26. Ke2 Ke7
27. Kd3 Kd6 28. Kc4 Kc6 29. a4 Nb7 30. b4 Nd6+ 31. Kd3 a6 32. Bd4 g6 33. c4 b5
34. cxb5+ axb5 35. a5 Nc4 36. f4 f5 37. exf5 exf5 38. Bc5 Nxa5 39. bxa5 Kxc5
40. Kc3 b4+ 41. Kb3 Kb5 42. a6 Kxa6 43. Kxb4 Kb6 44. Kc4 Kc6 45. Kd4 Kd6 46. h3
Ke6 47. Kc5 h6 48. Kc6 g5 49. h4 gxh4 50. gxh4 h5 51. Kc5 Ke7 52. Kd5 Kf6 53.
Kd6 Kf7 54. Ke5 Kg6 55. Ke6 1-0

[Event "Southfield Tornado (September)"]
[Site "Southfield, Mich."]
[Date "1987.09.20"]
[Round "4"]
[White "Cooper, Thomas"]
[Black "Moody, David"]
[Result "1-0"]
[WhiteElo "2203"]
[BlackElo "2028"]
[PlyCount "63"]
[EventDate "1987.09.20"]

1. Nf3 d6 2. d4 Nd7 3. e4 e5 4. Bc4 c6 5. O-O Be7 6. Qe2 Ngf6 7. Nc3 O-O 8. a4
Qc7 9. dxe5 Nxe5 10. Nxe5 dxe5 11. h3 Re8 12. Kh1 h6 13. Qf3 Bd8 14. Nd1 Be6
15. Bxe6 Rxe6 16. Ne3 Qb6 17. Ng4 Qb4 18. Nxf6+ Rxf6 19. Qe2 Bb6 20. c3 Qb3 21.
Ra3 Qe6 22. a5 Bc5 23. b4 Be7 24. Be3 a6 25. Raa1 Qb3 26. Rfc1 Rd6 27. Rab1 Qa4
28. Bc5 Rd7 29. Bxe7 Rxe7 30. Rd1 Ree8 31. Rd7 Qb5 32. Qa2 1-0

[Event "Bellils Underhill Memorial"]
[Site "Toledo, Ohio"]
[Date "1987.09.26"]
[Round "2"]
[White "Moody, David"]
[Black "Adams, Nick"]
[Result "1-0"]
[WhiteElo "2028"]
[BlackElo "2232"]
[PlyCount "89"]
[EventDate "1987.09.26"]

1. e4 c6 2. d3 d5 3. Nd2 e5 4. Ngf3 Nd7 5. g3 g6 6. Bg2 Bg7 7. O-O Ne7 8. Re1
O-O 9. Nf1 f5 10. Qe2 fxe4 11. dxe4 d4 12. Ng5 Nb6 13. h4 h6 14. Nh3 Be6 15.
Nh2 Qd7 16. g4 Rad8 17. b3 c5 18. Ba3 c4 19. Rad1 Rf7 20. Bxe7 Qxe7 21. f4 exf4
22. e5 Nd5 23. Rxd4 cxb3 24. cxb3 Nc3 25. Rxd8+ Qxd8 26. Qc2 Qd4+ 27. Kh1 f3
28. Nxf3 Qxg4 29. Qxc3 Qg3 30. Nhg1 Rf4 31. Ne2 Rxf3 32. Bxf3 Qxh4+ 33. Kg2
Qg5+ 34. Ng3 h5 35. Qe3 Qe7 36. Ne4 Bxe5 37. Nf6+ Qxf6 38. Qxe5 Bh3+ 39. Kxh3
Qxf3+ 40. Qg3 Qf5+ 41. Kh2 Qc2+ 42. Kg1 Qf5 43. Qb8+ Kh7 44. Re7+ Kh6 45. Qh8+
1-0

[Event "Bellils Underhill Memorial"]
[Site "Toledo, Ohio"]
[Date "1987.09.26"]
[Round "3"]
[White "Finegold, Ben"]
[Black "Moody, David"]
[Result "1-0"]
[WhiteElo "2477"]
[BlackElo "2028"]
[PlyCount "73"]
[EventDate "1987.09.26"]

1. Nf3 Nf6 2. c4 c5 3. g3 g6 4. Bg2 Bg7 5. Nc3 Nc6 6. O-O O-O 7. d4 cxd4 8.
Nxd4 Nxd4 9. Qxd4 d6 10. Qd2 Qc7 11. b3 Bd7 12. Bb2 Bc6 13. e4 a6 14. Rac1 Qa5
15. Rfd1 Qh5 16. h3 Bd7 17. g4 Qh4 18. f4 h5 19. g5 Nh7 20. Nd5 e5 21. Ne7+ Kh8
22. fxe5 Nxg5 23. exd6 Bxh3 24. Bxg7+ Kxg7 25. Rc3 Bxg2 26. Qxg2 Kh7 27. e5 Qf4
28. Re1 h4 29. Nd5 Qd4+ 30. Kh1 Ne6 31. Rf3 g5 32. Qc2+ Kg7 33. Qf5 b5 34. Rg1
Kh6 35. Nf6 Rh8 36. Ng4+ Kh5 37. Qxf7# 1-0

[Event "Bellils Underhill Memorial"]
[Site "Toledo, Ohio"]
[Date "1987.09.27"]
[Round "4"]
[White "Thompson, Dexter"]
[Black "Moody, David"]
[Result "1-0"]
[WhiteElo "2245"]
[BlackElo "2028"]
[PlyCount "47"]
[EventDate "1987.09.26"]

1. e4 e5 2. Nf3 Nf6 3. Bc4 Nc6 4. O-O Bc5 5. d4 exd4 6. c3 dxc3 7. e5 d5 8.
exf6 dxc4 9. fxg7 Rg8 10. Qe2+ Be6 11. Rd1 Qf6 12. Nxc3 Qxg7 13. g3 Nd4 14.
Nxd4 Bxd4 15. Nd5 O-O-O 16. Ne7+ Kb8 17. Nxg8 Bg4 18. Qe7 Bxf2+ 19. Kxf2 Rxd1
20. Nf6 Qg6 21. Nxg4 Qf5+ 22. Bf4 Qc2+ 23. Kf3 Rd3+ 24. Ne3 1-0

[Event "Bellils Underhill Memorial"]
[Site "Toledo, Ohio"]
[Date "1987.09.27"]
[Round "5"]
[White "Moody, David"]
[Black "Rust, Lary"]
[Result "0-1"]
[WhiteElo "2028"]
[BlackElo "1898"]
[PlyCount "46"]
[EventDate "1987.09.26"]

1. e4 c5 2. Nf3 d6 3. d4 cxd4 4. Nxd4 Nf6 5. Nc3 g6 6. Be3 Bg7 7. f3 O-O 8. Qd2
Nc6 9. Bc4 Bd7 10. O-O-O Qa5 11. h4 Ne5 12. Bb3 Rfc8 13. Bh6 Bxh6 14. Qxh6 Rxc3
15. bxc3 Rc8 16. h5 Nxh5 17. g4 Qxc3 18. Kb1 Nf6 19. g5 Nh5 20. Nf5 Bxf5 21.
exf5 Nc4 22. Bxc4 Rxc4 23. Rxh5 Qxc2+ 0-1

[Event "Mid-Ohio Open"]
[Site "Wooster, Ohio"]
[Date "1987.10.03"]
[Round "1"]
[White "Weitthoff, John"]
[Black "Moody, David"]
[Result "1/2-1/2"]
[WhiteElo "1715"]
[BlackElo "2028"]
[PlyCount "63"]
[EventDate "1987.10.03"]

1. d4 Nf6 2. Nc3 e6 3. e4 d5 4. Bg5 Bb4 5. e5 h6 6. exf6 hxg5 7. fxg7 Rg8 8. a3
Bxc3+ 9. bxc3 Qf6 10. Qf3 Qxg7 11. Bd3 c5 12. Qe3 Nc6 13. Bb5 Bd7 14. dxc5 Rc8
15. Ne2 Ne7 16. Bxd7+ Kxd7 17. Rb1 Rc7 18. Nd4 Rgc8 19. O-O b6 20. cxb6 Rxc3
21. Qxc3 Rxc3 22. b7 Rc8 23. bxc8=Q+ Nxc8 24. Rb7+ Kd6 25. Rd1 Qf8 26. h3 f6
27. Re1 e5 28. Nf5+ Ke6 29. Ng7+ Kd6 30. Nf5+ Ke6 31. Nd4+ Kd6 32. Nf5+ 1/2-1/2

[Event "Mid-Ohio Open"]
[Site "Wooster, Ohio"]
[Date "1987.10.03"]
[Round "4"]
[White "Stephens, Clifton"]
[Black "Moody, David"]
[Result "1/2-1/2"]
[WhiteElo "1682"]
[BlackElo "2028"]
[PlyCount "64"]
[EventDate "1987.10.03"]

1. e4 e5 2. Nf3 Nc6 3. Bc4 Nf6 4. Nc3 Nxe4 5. O-O Nxc3 6. dxc3 Bc5 7. Bxf7+
Kxf7 8. Qd5+ Kf8 9. Qxc5+ d6 10. Qa3 Qf6 11. b4 Bg4 12. Nd2 Qg6 13. Re1 Bh3 14.
g3 Qxc2 15. b5 Ne7 16. c4 Kf7 17. Ne4 h6 18. Qf3+ Kg8 19. g4 Qxc4 20. Qxh3 Qxb5
21. a4 Qc4 22. Ba3 Ng6 23. Qc3 Qe6 24. f3 Rf8 25. Qxc7 Rxf3 26. Nf2 d5 27. Bd6
Rf7 28. Qc5 Kh7 29. Rad1 Rd8 30. Qxd5 Qxd5 31. Rxd5 Rfd7 32. Red1 Kg8 1/2-1/2

[Event "Mid-Ohio Open"]
[Site "Wooster, Ohio"]
[Date "1987.10.03"]
[Round "4"]
[White "Moody, David"]
[Black "Keller, Dan"]
[Result "1/2-1/2"]
[WhiteElo "2028"]
[BlackElo "1976"]
[PlyCount "52"]
[EventDate "1987.10.03"]

1. Nf3 d5 2. g3 Nf6 3. Bg2 e6 4. O-O Be7 5. d3 O-O 6. Nbd2 Nbd7 7. e4 dxe4 8.
dxe4 c6 9. Re1 e5 10. Nc4 Qc7 11. a4 b6 12. Bd2 Ba6 13. Bf1 Bxc4 14. Bxc4 Rad8
15. Qe2 Nc5 16. Bc3 Nfxe4 17. Bxe5 Bd6 18. b4 Bxe5 19. Nxe5 Qxe5 20. bxc5 Rfe8
21. cxb6 axb6 22. Qe3 Qd4 23. Qxd4 Rxd4 24. Bd3 Nf6 25. Rxe8+ Nxe8 26. a5 b5
1/2-1/2

[Event "Mid-Ohio Open"]
[Site "Wooster, Ohio"]
[Date "1987.10.03"]
[Round "2"]
[White "Moody, David"]
[Black "Kavalec, Joe"]
[Result "1/2-1/2"]
[WhiteElo "2028"]
[BlackElo "1872"]
[PlyCount "24"]
[EventDate "1987.10.03"]

1. Nf3 f5 2. e4 d6 3. Bc4 fxe4 4. Ng5 d5 5. Be2 e5 6. d4 Be7 7. Bh5+ g6 8. Nxh7
gxh5 9. Qxh5+ Kd7 10. Qh3+ Kc6 11. Qc3+ Kd7 12. Qh3+ Kc6 1/2-1/2

[Event "Mid-Ohio Open"]
[Site "Wooster, Ohio"]
[Date "1987.10.04"]
[Round "5"]
[White "Moody, David"]
[Black "Chiarelli, Joseph"]
[Result "1/2-1/2"]
[WhiteElo "2028"]
[BlackElo "1975"]
[PlyCount "101"]
[EventDate "1987.10.03"]

1. Nf3 d6 2. d4 Nf6 3. Nc3 Bg4 4. e4 e6 5. Be2 d5 6. e5 Nfd7 7. Bg5 Be7 8. Bxe7
Qxe7 9. Nd2 Bxe2 10. Nxe2 c5 11. c3 Nc6 12. O-O cxd4 13. cxd4 Qb4 14. Nb3 Nb6
15. Nc5 Nc8 16. a3 Qb6 17. f4 g6 18. Qd2 N8e7 19. Rf3 Nf5 20. Rb3 Qa5 21. Qd3
Ncxd4 22. Nxb7 Nxe2+ 23. Qxe2 Qa4 24. Rb4 Qc6 25. g4 a5 26. Nxa5 Qc5+ 27. Qf2
Qxa5 28. gxf5 gxf5 29. Rc1 Rg8+ 30. Kh1 Rd8 31. Rb7 Qa4 32. Qc2 Qe4+ 33. Qxe4
fxe4 34. Rcc7 Rg7 35. f5 exf5 36. e6 Rg6 37. Re7+ Kf8 38. Rxf7+ Kg8 39. Rxh7
Rxe6 40. Rbg7+ Kf8 41. Rf7+ Ke8 42. Rfg7 Rf6 43. Rg8+ Rf8 44. Rgg7 Rb8 45. Re7+
Kd8 46. Rd7+ Kc8 47. Rc7+ Kd8 48. Rcd7+ Kc8 49. Rc7+ Kd8 50. Rcd7+ Kc8 51. Rc7+
1/2-1/2

[Event "Clippert Quads (October)"]
[Site "Detroit, Mich."]
[Date "1987.10.10"]
[Round "3"]
[White "Thompson, Dexter"]
[Black "Moody, David"]
[Result "1-0"]
[WhiteElo "2245"]
[BlackElo "2028"]
[PlyCount "69"]
[EventDate "1987.10.10"]

1. e4 e5 2. d4 exd4 3. c3 dxc3 4. Nf3 cxb2 5. Bxb2 d5 6. exd5 Nf6 7. Nc3 Bc5 8.
Be2 c6 9. O-O O-O 10. Rc1 Bf5 11. Nh4 Bg6 12. Nxg6 hxg6 13. Bf3 cxd5 14. Nxd5
Nxd5 15. Rxc5 Nf6 16. Qxd8 Rxd8 17. Bxf6 gxf6 18. Bxb7 Nd7 19. Rc7 Rab8 20. Bd5
Ne5 21. Bb3 Rd7 22. Rfc1 Rbd8 23. f4 Nd3 24. Rxd7 Rxd7 25. Rd1 Kf8 26. Kf1 Ke7
27. g3 g5 28. Ke2 Nc5 29. Rxd7+ Nxd7 30. Kd3 Nc5+ 31. Kc4 Nxb3 32. axb3 gxf4
33. gxf4 Ke6 34. h4 Kf5 35. h5 1-0

[Event "Clippert Quads (October)"]
[Site "Detroit, Mich."]
[Date "1987.10.10"]
[Round "1"]
[White "Moody, David"]
[Black "Jackson, James"]
[Result "1/2-1/2"]
[WhiteElo "2028"]
[BlackElo "2006"]
[PlyCount "96"]
[EventDate "1987.10.10"]

1. f4 Nf6 2. Nf3 d6 3. g3 g6 4. Bg2 Bg7 5. d3 c6 6. e4 Qb6 7. Nbd2 Ng4 8. Qe2
Ne3 9. Nb3 Nxg2+ 10. Qxg2 Nd7 11. Qe2 Nf6 12. Be3 Qc7 13. e5 Ng4 14. Bd4 dxe5
15. fxe5 e6 16. O-O O-O 17. Nc5 b6 18. Ne4 c5 19. Bc3 Bb7 20. h3 Nh6 21. g4
Rad8 22. Nfg5 Qc6 23. Kh2 b5 24. Nf6+ Kh8 25. Nge4 b4 26. Bd2 Ng8 27. Qf2 Qc7
28. Qh4 h6 29. Nxg8 Bxe5+ 30. Kh1 Bxe4+ 31. dxe4 Rxd2 32. Qxh6+ Kxg8 33. Qxd2
Bxb2 34. Rad1 Qe5 35. Qf4 Qxf4 36. Rxf4 Bd4 37. Rf3 Kg7 38. a3 a5 39. Kg2 Rh8
40. Rdf1 Rf8 41. axb4 cxb4 42. Rd3 e5 43. Rfd1 Rd8 44. c3 bxc3 45. Rxc3 Rb8 46.
Ra3 Rb2+ 47. Kg3 Rb5 48. Ra4 g5 1/2-1/2

[Event "Clippert Quads (October)"]
[Site "Detroit, Mich."]
[Date "1987.10.10"]
[Round "2"]
[White "Groeller, William"]
[Black "Moody, David"]
[Result "1-0"]
[WhiteElo "2159"]
[BlackElo "2028"]
[PlyCount "97"]
[EventDate "1987.10.10"]

1. d4 Nf6 2. Nf3 e6 3. e3 b6 4. Bd3 Bb7 5. Nbd2 c5 6. O-O Nc6 7. c3 Be7 8. Qe2
Rc8 9. dxc5 bxc5 10. e4 d5 11. exd5 exd5 12. Bf5 Rb8 13. Nb3 O-O 14. Bf4 Bd6
15. Bxd6 Qxd6 16. Rfd1 Rfe8 17. Qd2 Ba6 18. Re1 Bc4 19. Qc2 g6 20. Bh3 Ne4 21.
g3 Re7 22. Nbd2 Ba6 23. Bg2 f5 24. Rad1 Reb7 25. b3 Qf6 26. Rc1 Re7 27. c4 Nb4
28. Qb1 d4 29. Nxe4 fxe4 30. Rxe4 Rxe4 31. Qxe4 Nxa2 32. Qd5+ Qf7 33. Ng5 Qxd5
34. Bxd5+ Kg7 35. Re1 Rxb3 36. Re7+ Kf6 37. Rxa7 Kxg5 38. Rxa6 Nb4 39. Rd6 d3
40. Bg8 h5 41. Bf7 Nc2 42. Bxg6 Nd4 43. Kg2 d2 44. f4+ Kh6 45. Bc2+ Kg7 46.
Bxb3 Nxb3 47. Kf2 Nd4 48. Rxd4 cxd4 49. Ke2 1-0

[Event "Southfield Tornado (October)"]
[Site "Southfield, Mich."]
[Date "1987.10.11"]
[Round "5"]
[White "Stanfield, Larry"]
[Black "Moody, David"]
[Result "1/2-1/2"]
[WhiteElo "1961"]
[BlackElo "2028"]
[PlyCount "67"]
[EventDate "1987.10.11"]

1. Nf3 f5 2. d4 Nf6 3. c4 e6 4. g3 Bb4+ 5. Bd2 Bxd2+ 6. Nbxd2 b6 7. Bg2 Bb7 8.
O-O O-O 9. Re1 Qe8 10. Ne5 Bxg2 11. Kxg2 d6 12. Nd3 Nbd7 13. Kg1 e5 14. dxe5
dxe5 15. e4 Qg6 16. exf5 Qxf5 17. Qe2 Rae8 18. Ne4 Ng4 19. h3 Ngf6 20. g4 Qg6
21. Nxf6+ Qxf6 22. Qe4 Qf3 23. Qxf3 Rxf3 24. Re3 Rxe3 25. fxe3 e4 26. Nf4 c6
27. Rd1 Ne5 28. b3 Kf7 29. Kg2 g6 30. Rd4 Nf3 31. Rd6 c5 32. Rd7+ Re7 33. Rd8
Re8 34. Rd7+ 1/2-1/2

[Event "Southfield Tornado (October)"]
[Site "Southfield, Mich."]
[Date "1987.10.11"]
[Round "1"]
[White "Moody, David"]
[Black "Zabel, Mark"]
[Result "1-0"]
[WhiteElo "2028"]
[BlackElo "1903"]
[PlyCount "50"]
[EventDate "1987.10.11"]

1. Nf3 Nf6 2. g3 g6 3. Bg2 Bg7 4. O-O d6 5. d3 O-O 6. Nbd2 Bd7 7. c4 c5 8. d4
cxd4 9. Nxd4 Nc6 10. Nxc6 Bxc6 11. e4 Nd7 12. Rb1 b5 13. Re1 Rb8 14. b3 Qa5 15.
Qc2 b4 16. Nf3 Ne5 17. Nd4 Bd7 18. f4 Ng4 19. Nf3 Qb6+ 20. Kh1 Nf2+ 21. Kg1
Ng4+ 22. Kf1 Bc3 23. Re2 f5 24. e5 dxe5 25. fxe5 Nxe5 1-0

[Event "Southfield Tornado (October)"]
[Site "Southfield, Mich."]
[Date "1987.10.11"]
[Round "4"]
[White "Moody, David"]
[Black "Thompson, Dexter"]
[Result "0-1"]
[WhiteElo "2028"]
[BlackElo "2245"]
[PlyCount "96"]
[EventDate "1987.10.11"]

1. e4 e5 2. f4 exf4 3. Nf3 d6 4. d4 g5 5. Bc4 Bg7 6. c3 Nc6 7. h4 h6 8. hxg5
hxg5 9. Rxh8 Bxh8 10. Qb3 Nh6 11. g3 Qe7 12. Qc2 Bg4 13. Kf2 fxg3+ 14. Kxg3
Bxf3 15. Kxf3 Bxd4 16. Bb5 Qf6+ 17. Kg2 Bb6 18. Na3 O-O-O 19. Bxc6 bxc6 20. Qe2
Kb7 21. Bd2 Re8 22. Rf1 Qe6 23. Re1 Qxa2 24. Nc2 Qxb2 25. Nb4 Qa3 26. Rb1 d5
27. Nxc6 Kxc6 28. Qb5+ Kb7 29. Qxe8 Qa2 30. Rd1 Qc2 31. exd5 a5 32. Qe2 Nf5 33.
Rc1 Qa2 34. Qd3 Ne3+ 35. Kf3 Nxd5 36. c4 Nf4 37. Qe4+ c6 38. Rc2 Qb1 39. Bxf4
Qf1+ 40. Kg4 gxf4 41. c5 Bxc5 42. Rb2+ Bb4 43. Rxb4+ axb4 44. Qxb4+ Qb5 45.
Qxf4 f5+ 46. Kg5 Qc5 47. Kf6 Qf8+ 48. Kg5 Qg7+ 0-1

[Event "Southfield Tornado (October)"]
[Site "Southfield, Mich."]
[Date "1987.10.11"]
[Round "3"]
[White "Golonka, Stan"]
[Black "Moody, David"]
[Result "1-0"]
[WhiteElo "1987"]
[BlackElo "2028"]
[PlyCount "52"]
[EventDate "1987.10.11"]

1. c4 e5 2. Nc3 Nc6 3. Nf3 f5 4. d3 Nf6 5. g3 Bb4 6. Bg2 O-O 7. O-O Bxc3 8.
bxc3 d6 9. Qc2 Qe8 10. Rb1 Qh5 11. Re1 f4 12. gxf4 Bh3 13. Bxh3 Qxh3 14. Rxb7
Ng4 15. Rxc7 exf4 16. Rxc6 Rf6 17. Rxd6 Rxd6 18. Bxf4 Rf6 19. Bg3 Raf8 20. Qa4
h5 21. Ng5 Qxg3+ 22. fxg3 Ne3 23. h4 Rf1+ 24. Rxf1 Rxf1+ 25. Kh2 Rf2+ 26. Kh3
Rf1 1-0

[Event "Southfield Tornado (October)"]
[Site "Southfield, Mich."]
[Date "1987.10.11"]
[Round "2"]
[White "Gaba, Howard"]
[Black "Moody, David"]
[Result "0-1"]
[WhiteElo "1855"]
[BlackElo "2028"]
[PlyCount "70"]
[EventDate "1987.10.11"]

1. e4 e5 2. Nf3 Nc6 3. Bc4 Nf6 4. d3 Bc5 5. O-O d6 6. c3 O-O 7. b4 Bb6 8. a4 a5
9. b5 Ne7 10. Be3 Ng6 11. Nbd2 Be6 12. Qb3 Qe7 13. Bxe6 fxe6 14. Bxb6 cxb6 15.
Nc4 Nd7 16. d4 Rf6 17. Ne3 Qf7 18. Ng5 Qe7 19. Nf5 Qf8 20. Rab1 Re8 21. dxe5
Ngxe5 22. Nd4 Nc5 23. Qd1 h6 24. Ngf3 Nxe4 25. Nxe5 dxe5 26. Qc2 exd4 27. Qxe4
dxc3 28. Rbc1 Qb4 29. Qe2 Rd8 30. Rfe1 Rd2 31. Qe4 Qxe4 32. Rxe4 c2 33. Ree1
Rfxf2 34. h3 Rxg2+ 35. Kh1 Rge2 0-1

[Event "Trenton Mini-Swiss (October)"]
[Site "Trenton, Mich."]
[Date "1987.10.24"]
[Round "1"]
[White "Moody, David"]
[Black "Wright, Walter"]
[Result "1-0"]
[WhiteElo "2028"]
[BlackElo "1634"]
[PlyCount "65"]
[EventDate "1987.10.24"]

1. e4 c5 2. Nf3 d6 3. d4 cxd4 4. Nxd4 Nf6 5. Nc3 g6 6. Be3 Ng4 7. Bb5+ Nd7 8.
Qxg4 a6 9. Ba4 b5 10. Bb3 Nc5 11. Qf3 Nxb3 12. axb3 Bb7 13. O-O Bg7 14. Nd5 e6
15. Nxe6 fxe6 16. Bb6 Qh4 17. Nc7+ Ke7 18. Nxa8 Be5 19. g3 Qh3 20. Nc7 Rf8 21.
Qg2 Qxg2+ 22. Kxg2 Bxe4+ 23. f3 Bxc2 24. Rxa6 Bxb3 25. Ra7 Kf6 26. f4 Bxb2 27.
Rb1 Bc4 28. Rxb2 Rb8 29. Bd4+ Kf5 30. Kf3 h5 31. Ra8 Bd5+ 32. Nxd5 Rxa8 33.
Ne3# 1-0

[Event "Trenton Mini-Swiss (October)"]
[Site "Trenton, Mich."]
[Date "1987.10.24"]
[Round "3"]
[White "Moody, David"]
[Black "Thompson, Dexter"]
[Result "0-1"]
[WhiteElo "2028"]
[BlackElo "2245"]
[PlyCount "72"]
[EventDate "1987.10.24"]

1. e4 e5 2. Bc4 Nf6 3. Nc3 Nxe4 4. Qh5 Nd6 5. Bb3 Nc6 6. Nb5 g6 7. Qf3 f5 8.
Qd5 Qe7 9. Nxc7+ Kd8 10. Nxa8 b6 11. d3 Bb7 12. Qf3 Nd4 13. Qg3 f4 14. Qg4 g5
15. h4 h5 16. Qxg5 Qxg5 17. hxg5 Bxg2 18. Rh2 Bxa8 19. c3 N4f5 20. d4 exd4 21.
Bxf4 dxc3 22. bxc3 Ne4 23. Be5 Bg7 24. Bxg7 Nxg7 25. f4 Nxc3 26. Rc2 Re8+ 27.
Kf1 Ne4 28. Nh3 Nf5 29. Re1 Nd4 30. Rg2 Nf3 31. Ree2 Bb7 32. g6 Ba6 33. g7
Ned2+ 34. Kf2 Rxe2+ 35. Kg3 h4+ 36. Kg4 Rxg2+ 0-1

[Event "Trenton Mini-Swiss (October)"]
[Site "Trenton, Mich."]
[Date "1987.10.24"]
[Round "2"]
[White "Eagle, Chris"]
[Black "Moody, David"]
[Result "1/2-1/2"]
[WhiteElo "1926"]
[BlackElo "2028"]
[PlyCount "55"]
[EventDate "1987.10.24"]

1. d4 Nf6 2. c4 c5 3. d5 e6 4. Nc3 exd5 5. cxd5 d6 6. e4 g6 7. Be2 Bg7 8. f4
O-O 9. Nf3 Re8 10. O-O Nxe4 11. Nxe4 Rxe4 12. Bd3 Re8 13. f5 c4 14. fxg6 hxg6
15. Bxc4 Bf5 16. Bd3 Bxd3 17. Qxd3 Nd7 18. Ng5 Nf6 19. Be3 Re5 20. Qb3 Qe7 21.
Rae1 Re8 22. Bd2 Ne4 23. Rxe4 Rxe4 24. Nxe4 Qxe4 25. Qxb7 Re7 26. Qc8+ Kh7 27.
Qh3+ Kg8 28. Qc8+ 1/2-1/2

[Event "Toledo Sunday Quad"]
[Site "Toledo, Ohio"]
[Date "1987.10.27"]
[Round "3"]
[White "Moody, David"]
[Black "Butler, Eric"]
[Result "1/2-1/2"]
[WhiteElo "2028"]
[BlackElo "2048"]
[PlyCount "67"]
[EventDate "1987.10.27"]

1. e4 c5 2. Nf3 Nc6 3. d4 cxd4 4. Nxd4 Nf6 5. Nc3 d6 6. Bc4 g6 7. Nxc6 bxc6 8.
e5 Ng4 9. Bf4 Qb6 10. Qf3 d5 11. Nxd5 cxd5 12. Qxd5 Qxf2+ 13. Kd1 Ne3+ 14. Bxe3
Bg4+ 15. Kc1 Qxe3+ 16. Kb1 Rd8 17. Bb5+ Bd7 18. Rd1 Bg7 19. Bxd7+ Kf8 20. Rf1
f5 21. exf6 Bxf6 22. a4 Rb8 23. Bb5 Kg7 24. Ra3 Qb6 25. Raf3 Rhd8 26. Qe4 a6
27. Rxf6 exf6 28. Qe7+ Kh6 29. Rf3 Qg1+ 30. Ka2 Qxg2 31. Qe3+ Kg7 32. Qe7+ Kh6
33. Qe3+ Kg7 34. Qe7+ 1/2-1/2

[Event "Toledo Sunday Quad"]
[Site "Toledo, Ohio"]
[Date "1987.10.27"]
[Round "2"]
[White "Gaiffe, Gary"]
[Black "Moody, David"]
[Result "1-0"]
[WhiteElo "1988"]
[BlackElo "2028"]
[PlyCount "83"]
[EventDate "1987.10.27"]

1. d4 Nf6 2. c4 c5 3. d5 e6 4. Nc3 exd5 5. cxd5 d6 6. e4 g6 7. Nf3 Bg7 8. Be2
O-O 9. O-O Bg4 10. Re1 Bxf3 11. Bxf3 a6 12. a4 Re8 13. Qc2 Nbd7 14. Rb1 Ne5 15.
Be2 Rb8 16. h3 Nh5 17. Bxh5 gxh5 18. Nd1 b5 19. axb5 axb5 20. Ne3 c4 21. Nf5
Nd3 22. Re3 Be5 23. Bd2 Bf4 24. Qc3 Be5 25. Rg3+ Kh8 26. Qc2 Bxg3 27. Nxg3 Qh4
28. Bc3+ Kg8 29. Qe2 Kf8 30. Bg7+ Kg8 31. Bh6 Rb7 32. Qe3 f6 33. f4 Rbe7 34.
Kh2 Nc5 35. Nf5 Rxe4 36. Qxe4 Rxe4 37. Nxh4 Na4 38. Nf5 Re2 39. Nxd6 Rxb2 40.
Rxb2 Nxb2 41. Nxb5 Nd1 42. f5 1-0

[Event "Toledo Sunday Quad"]
[Site "Toledo, Ohio"]
[Date "1987.10.27"]
[Round "1"]
[White "Bias, Peter"]
[Black "Moody, David"]
[Result "0-1"]
[WhiteElo "2039"]
[BlackElo "2028"]
[PlyCount "62"]
[EventDate "1987.10.27"]

1. e4 e5 2. Nf3 Nc6 3. Bb5 a6 4. Ba4 Nf6 5. O-O Be7 6. Re1 b5 7. Bb3 O-O 8. c3
d5 9. exd5 Nxd5 10. Nxe5 Nxe5 11. Rxe5 c6 12. g3 Bd6 13. Re1 Qd7 14. d4 Qh3 15.
Be3 Bg4 16. Qd3 Rae8 17. Nd2 Re6 18. a4 f5 19. Qf1 Qh5 20. f4 bxa4 21. Rxa4 g5
22. fxg5 f4 23. Bxd5 cxd5 24. Bxf4 Rxe1 25. Qxe1 Bxf4 26. gxf4 Rxf4 27. Rxa6
Be2 28. Ra8+ Kg7 29. h3 Qxh3 30. Qxe2 Qg3+ 31. Qg2 Qe3+ 0-1

[Event "Lansing Mini-Swiss (October)"]
[Site "Lansing, Mich."]
[Date "1987.10.31"]
[Round "3"]
[White "Thompson, Dexter"]
[Black "Moody, David"]
[Result "1-0"]
[WhiteElo "2303"]
[BlackElo "1997"]
[PlyCount "63"]
[EventDate "1987.10.31"]

1. e4 d6 2. d4 Nf6 3. Nc3 g6 4. f4 Bg7 5. Nf3 O-O 6. e5 dxe5 7. dxe5 Qxd1+ 8.
Kxd1 Ng4 9. Ke1 c6 10. Bc4 Bf5 11. Bb3 Na6 12. h3 Nh6 13. g4 Bd7 14. Be3 Nc7
15. Rd1 Rfd8 16. Bc5 Bf8 17. Rg1 Be6 18. Rxd8 Rxd8 19. Bxa7 Bxb3 20. axb3 e6
21. Bb6 Rd7 22. Bxc7 Rxc7 23. Ke2 Bc5 24. Rd1 Kg7 25. Ne4 Be7 26. Nf6 Kh8 27.
Ng5 Bxf6 28. exf6 Ng8 29. Rd8 h6 30. Nf3 Kh7 31. g5 b6 32. Ne5 1-0